00239nam a2200097Ia 4500008004100000100002600041245002600067260003100093260000900124300000800133170620s9999 xx 000 0 und d aChaudhary- Pyarel Lal 0aShekshik Manavadhikar bJaipur; Swati Publications c2007 a272